Lāla Lajapatarāya: jīvana aura kārya. (Record no. 74796)

MARC details
000 -LEADER
fixed length control field 00957cam a22002771 4500
001 - CONTROL NUMBER
control field sa 67004833
003 - CONTROL NUMBER IDENTIFIER
control field DLC
005 - DATE AND TIME OF LATEST TRANSACTION
control field 20260227112351.0
008 - FIXED-LENGTH DATA ELEMENTS--GENERAL INFORMATION
fixed length control field 870411s1965 ii ac 000 0 hin
010 ## - LIBRARY OF CONGRESS CONTROL NUMBER
LC control number sa 67004833
035 ## - SYSTEM CONTROL NUMBER
System control number (OCoLC)15517101
040 ## - CATALOGING SOURCE
Original cataloging agency DLC
Transcribing agency NRU
Modifying agency NRU
-- DLC
042 ## - AUTHENTICATION CODE
Authentication code premarc
050 00 - LIBRARY OF CONGRESS CALL NUMBER
Classification number DS479.1.L27
Item number M6
100 0# - MAIN ENTRY--PERSONAL NAME
Personal name Mohana Lāla,
Dates associated with a name 1899-
245 10 - TITLE STATEMENT
Title Lāla Lajapatarāya: jīvana aura kārya.
Statement of responsibility, etc. Lekhaka Mohanalāla.
250 ## - EDITION STATEMENT
Edition statement [1. saṃskaraṇa]
260 ## - PUBLICATION, DISTRIBUTION, ETC.
Place of publication, distribution, etc. Hośiārapura [Bhārat]
Name of publisher, distributor, etc. Viśveśvarānanda Vaidika Śodha Saṃsthāna,
Date of publication, distribution, etc. 1965.
300 ## - PHYSICAL DESCRIPTION
Extent 159 p.
Other physical details illus., ports.
Dimensions 19 cm.
490 1# - SERIES STATEMENT
Series statement Sarvadānanda viśva granthamālā,
Volume/sequential designation 50
490 1# - SERIES STATEMENT
Series statement Viśveśvarānanda Saṃsthāna prakāśana,
Volume/sequential designation 358
500 ## - GENERAL NOTE
General note In Hindi.
600 00 - SUBJECT ADDED ENTRY--PERSONAL NAME
Personal name Lajpat Rai,
Titles and other words associated with a name Lala,
Dates associated with a name 1865-1928.
830 #0 - SERIES ADDED ENTRY--UNIFORM TITLE
Uniform title Sarvadānanda-viśva-granthamālā ;
Volume/sequential designation 50.
830 #0 - SERIES ADDED ENTRY--UNIFORM TITLE
Uniform title Vishveshvaranand Vedic Research Institute publication ;
Volume/sequential designation 358.

No items available.

Powered by Koha